CO WEDŁUG LEGEND I POPKULTURY MOŻE ZASZKODZIĆ WAMPIROM? - Statystyki

Ogólne statystyki
  • Ten quiz został rozwiązany 104 razy
  • Średni wynik to 3 z 5
Statystyki odpowiedzi
Odpowiedź % Poprawnych
CZOSNEK
95%
ŚWIATŁO
76%
KRZYŻ
49%
DREWNIANY KOŁEK
32%
SREBRO
28%
Nie znaleziono quizów pasujących do podanych kryteriów
Rozkład punktacji
Procent ludzi z każdym wynikiem
Percentyl według liczby udzielonych odpowiedzi
Twoja historia wyników
Nie rozwiązałeś tego quizu